Statistiken für Fußball WM 2026 Quiz #2

Klicken Sie hier um das Quiz zu spielen!

Allgemein

  • Dieses Quiz wurde 50 mal gespielt
  • Das Durchschnittsergebnis liegt bei 10 aus 16

Antwortstatistiken

GesuchtAntwort% Korrekt
"" Europa16
93%
Teilnehmerzahl Afrika8
93%
"" Nord- und Mittelamerika6
88%
"" Südamerika6
88%
"" Asien9
88%
Spielort USA, West #1Los Angeles/ Inglewood
76%
Spielort USA, East #4Miami
68%
Spielort USA, Middle #1Dallas/ Arlington
54%
Spielort USA, West #3Seattle
49%
Spielort USA, West #2San Francisco/ Santa Clara
46%
Spielort USA, East #2Boston/ Foxborough
39%
Spielort USA, East #3New York City/ East Rutherford
39%
Spielort USA, Middle #2Houston
37%
Spielort USA, Middle #3Kansas City
37%
Spielort USA, East #5Philadelphia
37%
Spielort USA, East #1Atlanta
29%

Verteilung der Resultate

Perzentil nach korrekt beantworteten Fragen

Anzahl Personen mit jedem Resultat

Ihre Resultats-Entwicklung

Sie haben dieses Quiz noch nicht gespielt